Statistics for Best Selling Country Albums

Click here to take the quiz!

General Stats

  • This quiz has been taken 19 times
  • The average score is 31 of 49

Answer Stats

Units Sold (in millions)AlbumArtist% Correct
9The ChaseGarth Brooks
94%
7.8The HitsGarth Brooks
94%
17No FencesGarth Brooks
94%
7Fresh HorsesGarth Brooks
94%
5ScarecrowGarth Brooks
94%
14Ropin' the WindGarth Brooks
94%
10.5Double LiveGarth Brooks
94%
10SevensGarth Brooks
94%
10_____ _____Garth Brooks
94%
8In PiecesGarth Brooks
94%
7The Woman in MeShania Twain
76%
30Come on OverShania Twain
76%
5.5Up!Shania Twain
76%
4.5Speak NowTaylor Swift
76%
7FearlessTaylor Swift
76%
4.2RedTaylor Swift
76%
7_____ _____Taylor Swift
76%
6'Pure Country' SoundtrackGeorge Strait
71%
2Straight out of the BoxGeorge Strait
71%
3.750 Number OnesGeorge Strait
71%
10_____ _____'s Greatest HitsKenny Rogers
71%
5The GamblerKenny Rogers
71%
6FaithFaith Hill
65%
6.5BreatheFaith Hill
65%
5.8Greatest Hits CollectionAlan Jackson
59%
6Greatest Hits Vol. 2Alan Jackson
59%
6A Lot About Livin' (And a Little 'Bout Love)Alan Jackson
59%
5.9HomeDixie Chicks
59%
12Wide Open SpacesDixie Chicks
59%
10FlyDixie Chicks
59%
6Greatest HitsTim McGraw
59%
6Not a Moment Too SoonTim McGraw
59%
5For the Record...Alabama
53%
5Mountain MusicAlabama
53%
5Greatest HitsAlabama
53%
7.4Some HeartsCarrie Underwood
47%
5Did I Shave My Legs For This?Deana Carter
47%
5Greatest Hits Vol. 2Reba McEntire
47%
9Some Gave AllBilly Ray Cyrus
41%
5Hard Workin' ManBrooks & Dunn
35%
6Brand New ManBrooks & Dunn
35%
5Here for the PartyGretchen Wilson
35%
10_____ _____'s Greatest HitsPatsy Cline
35%
5I Still Believe in YouVince Gill
35%
5.9BlueLeAnn Rimes
29%
5Greatest HitsWaylon Jennings
29%
3.4Greatest HitsHank Williams Jr.
24%
5Always and ForeverRandy Travis
24%
5Feels like TodayRascal Flatts
6%

Score Distribution

Percentile by Number Answered

Percent of People with Each Score

Your Score History

You have not taken this quiz